|
|
|
|
| LEADER |
03005nam a22003973i 4500 |
| 001 |
EBC6955877 |
| 003 |
MiAaPQ |
| 005 |
20231204023223.0 |
| 006 |
m o d | |
| 007 |
cr cnu|||||||| |
| 008 |
231204s2015 xx o ||||0 ger d |
| 020 |
|
|
|a 9783839411773
|q (electronic bk.)
|
| 020 |
|
|
|z 9783837611779
|
| 035 |
|
|
|a (MiAaPQ)EBC6955877
|
| 035 |
|
|
|a (Au-PeEL)EBL6955877
|
| 035 |
|
|
|a (OCoLC)1049912668
|
| 040 |
|
|
|a MiAaPQ
|b eng
|e rda
|e pn
|c MiAaPQ
|d MiAaPQ
|
| 100 |
1 |
|
|a Elberfeld, Jens.
|
| 245 |
1 |
4 |
|a Das schöne Selbst :
|b Zur Genealogie des modernen Subjekts zwischen Ethik und Ästhetik.
|
| 250 |
|
|
|a 1st ed.
|
| 264 |
|
1 |
|a Bielefeld :
|b transcript,
|c 2015.
|
| 264 |
|
4 |
|c {copy}2015.
|
| 300 |
|
|
|a 1 online resource (431 pages)
|
| 336 |
|
|
|a text
|b txt
|2 rdacontent
|
| 337 |
|
|
|a computer
|b c
|2 rdamedia
|
| 338 |
|
|
|a online resource
|b cr
|2 rdacarrier
|
| 490 |
1 |
|
|a Literalität und Liminalität
|
| 505 |
0 |
|
|a Cover Das schöne Selbst -- Inhalt -- Einleitung -- Körper und Kommunikation: Das Publikum in der Berliner Hofoper 1820-1870 -- Mäßigung der Leidenschaften. Kinder und monetäre Lebensführung im 19. Jahrhundert -- Der Wille zum Stil - Die ästhetische „Umwertung der Werte" im Fin de Siècle -- Drogen, Rausch und Männlichkeit in Literatur und Ästhetik der Moderne. Marcel Schwob, Ernst Jünger, Malcolm Lowry -- „Wahre Tugend mit Beefsteaks unvereinbar". Diskurse um Ethik und Ästhetik im deutschen Vegetarismus, 1880-1940 -- „Laßt uns unsere Körper weihen zum Tempel jüdischer Schönheit!" Normalisierung des Selbst im Diskurs der Jüdischen Turnerschaft (1898-1914) -- Subjekt, Objekt, Abjekt. Körperbilder in der Kunst- und Biopolitik zwischen 1900 und 1945 -- Kino als heterotopischer Ort. Entsubjektivierungsbewegungen im neorealistischen Spielfilm -- „In the Doing of Hair, One Does Race". Afroamerikanische Hairstyles als Technologien des Selbst -- Schön, weiblich, fremd. Körperdiskurse im Blick der zeitgenössischen Kunst -- „Hungerstreik". Eine politische Subjektivierungspraxis zwischen „Freitod" und „Überlebenskunst" (Westdeutschland, 1970-1990) -- Böse reden, fröhlich leiden: Ästhetische Strategien der punkaffinen Intelligenz um 1980 -- „Stellen Sie sich ihr persönliches Wohlfühlprogramm zusammen!" Wellness zwischen Ethik und Ästhetik -- Autorinnen und Autoren.
|
| 588 |
|
|
|a Description based on publisher supplied metadata and other sources.
|
| 590 |
|
|
|a Electronic reproduction. Ann Arbor, Michigan : ProQuest Ebook Central, 2023. Available via World Wide Web. Access may be limited to ProQuest Ebook Central affiliated libraries.
|
| 655 |
|
4 |
|a Electronic books.
|
| 700 |
1 |
|
|a Otto, Marcus.
|
| 776 |
0 |
8 |
|i Print version:
|a Elberfeld, Jens
|t Das schöne Selbst
|d Bielefeld : transcript,c2015
|z 9783837611779
|
| 797 |
2 |
|
|a ProQuest (Firm)
|
| 830 |
|
0 |
|a Literalität und Liminalität
|
| 856 |
4 |
0 |
|u https://ebookcentral.proquest.com/lib/matrademy/detail.action?docID=6955877
|z Click to View
|